| 000 | 00420cam a2200169ua 4500 | ||
|---|---|---|---|
| 003 | OSt | ||
| 008 | 250328b |||||||| |||| 00| 0 eng d | ||
| 041 | _aeng | ||
| 082 |
_a621.901 _bATH/WO |
||
| 100 |
_aAtherton, William H . _97348 |
||
| 245 | _aWorkshop practice vol-1 / | ||
| 250 | _a3 / | ||
| 260 |
_a : _bThe new era publishing co. ltd , _c1959. |
||
| 300 | _a346 ; . | ||
| 500 | _a** Reference | ||
| 942 | _cBK | ||
| 999 |
_c10162 _d10162 |
||